Statistiques concernant Coupe du Monde Rugby: Ecosse

Cliquez ici pour prendre le quiz!

Statistiques générales

  • Ce quiz a été pris 70 fois
  • Le résultat moyen est 20 sur 22

Statistiques - réponses

Réponse% Correct
Afrique du Sud
100%
Australie
100%
Irlande
100%
France
98%
Nouvelle-Zélande
98%
Angleterre
97%
Fidji
97%
Italie
97%
Samoa
97%
Samoa Occidentales
97%
Tonga
97%
Japon
95%
Argentine
93%
Etats-Unis
92%
Roumanie
90%
Uruguay
87%
Portugal
82%
Géorgie
80%
Russie
80%
Espagne
77%
Côte d'Ivoire
58%
Zimbabwe
55%

Distribution des résultats

Percentile par nombre de réponses

% des personnes avec chaque résultat

Votre développement - résultats

Vous n’avez pas pris ce quiz